[Event "World Rapid 2023"]
[Site "Samarkand UZB"]
[Date "2023.12.27"]
[EventDate "2023.12.26"]
[Round "9.58"]
[Result "1-0"]
[White "Dmitry Bocharov"]
[Black "Cem Kaan Gokerkan"]
[WhiteElo "2518"]
[BlackElo "2523"]
[PlyCount "100"]

1. c4 e5 2. d3 Nf6 3. Nf3 Nc6 4. a3 a5 5. g3 d5 6. cxd5 Nxd5 7. Nc3 Nb6 8. b3
Be7 9. Bg2 O-O 10. O-O Be6 11. Bb2 f5 12. Rc1 Bf6 13. e4 f4 14. Ne2 g5 15. d4 g4
16. d5 Nxd5 17. exd5 Bxd5 18. Nc3 Bxf3 19. Bxf3 gxf3 20. Qxf3 Kh8 21. Rfd1 Nd4
22. Qe4 fxg3 23. hxg3 c5 24. Nd5 b6 25. Kg2 Ra7 26. Rh1 Rff7 27. Rh5 Rad7 28.
Rch1 Qg8 29. Rh6 Rxd5 30. Qxd5 Qf8 31. Bxd4 cxd4 32. Qe4 Kg8 33. Qg4+ Bg7 34. f3
Qxa3 35. Rc6 Qb2+ 36. Kh3 Qxb3 37. Rc8+ Rf8 38. Rhc1 Kh8 39. R1c7 Qg8 40. Rxf8
Bxf8 41. Qf5 h6 42. Rc8 Kg7 43. Qxe5+ Kg6 44. Rc6+ Kh7 45. Qf5+ Kh8 46. Rc8 Kg7
47. Qg4+ Kh7 48. Qe4+ Kg7 49. Qxd4+ Kh7 50. Qf6 1-0

[Event "World Rapid 2023"]
[Site "Samarkand UZB"]
[Date "2023.12.27"]
[EventDate "2023.12.26"]
[Round "9.59"]
[Result "0-1"]
[White "Mikhail Bryakin"]
[Black "Mukhammadzokhid Suyarov"]
[WhiteElo "2486"]
[BlackElo "2359"]
[PlyCount "94"]

1. d4 e6 2. c4 b6 3. Nf3 Nf6 4. g3 Bb7 5. Bg2 Bb4+ 6. Bd2 Be7 7. Nc3 c6 8. O-O
d5 9. cxd5 cxd5 10. Bf4 O-O 11. Ne5 Nfd7 12. Rc1 Nxe5 13. Bxe5 Nc6 14. Bf4 Qd7
15. h4 Rac8 16. h5 Ba6 17. Re1 Rfd8 18. Qa4 Qb7 19. g4 Bf6 20. e3 Be7 21. Qd1
Nb4 22. Bf1 Bxf1 23. Rxf1 Qa6 24. Qd2 Nd3 25. Rc2 Bb4 26. a3 Bxc3 27. Rxc3 Rxc3
28. Qxc3 Rc8 29. Qd2 Qb5 30. h6 Qb3 31. hxg7 Qc2 32. Qxc2 Rxc2 33. Bh6 Nxb2 34.
f4 Rc6 35. f5 exf5 36. g5 Nc4 37. Rxf5 Nxe3 38. Rf3 Re6 39. Rf2 Ng4 40. Rf5 Re1+
41. Rf1 Rxf1+ 42. Kxf1 Ne3+ 43. Ke2 Nf5 44. Kd3 Nxg7 45. g6 fxg6 46. Bf4 Ne6 47.
Be5 h5 0-1

[Event "World Rapid 2023"]
[Site "Samarkand UZB"]
[Date "2023.12.27"]
[EventDate "2023.12.26"]
[Round "9.60"]
[Result "1-0"]
[White "Denis Makhnev"]
[Black "Danis Kuandykuly"]
[WhiteElo "2486"]
[BlackElo "2095"]
[PlyCount "56"]

1. d4 Nf6 2. c4 e6 3. Nf3 b6 4. g3 Ba6 5. Qb3 Bb7 6. Nc3 c5 7. d5 exd5 8. cxd5
g6 9. Bg2 Bg7 10. O-O O-O 11. e4 d6 12. Bf4 Qe7 13. e5 dxe5 14. Nxe5 Qd8 15.
Rad1 Na6 16. Rfe1 Rc8 17. Nc6 Qd7 18. Ne7+ Kh8 19. Nxc8 Rxc8 20. d6 Bxg2 21.
Kxg2 Nb4 22. Re7 Qc6+ 23. Kg1 Qf3 24. Qxf7 Rg8 25. d7 Ng4 26. Qxg7+ Rxg7 27.
d8=Q+ Rg8 28. Qxg8+ 1-0

[Event "World Rapid 2023"]
[Site "Samarkand UZB"]
[Date "2023.12.27"]
[EventDate "2023.12.26"]
[Round "9.61"]
[Result "1-0"]
[White "Baadur Jobava"]
[Black "Sumiya Bilguun"]
[WhiteElo "2591"]
[BlackElo "2466"]
[PlyCount "78"]

1. e4 c5 2. c3 d5 3. exd5 Qxd5 4. d4 Nf6 5. Nf3 e6 6. Na3 Qd8 7. dxc5 Qxd1+ 8.
Kxd1 Bxc5 9. Nb5 Na6 10. b4 Bxf2 11. Kc2 O-O 12. Kb3 Nd5 13. a4 Be3 14. Ba3 f6
15. Re1 Bf2 16. Re2 Bb6 17. a5 Bd8 18. Nd6 Be7 19. b5 Nac7 20. c4 Nf4 21. Rd2 e5
22. g3 Ng6 23. h4 h5 24. Be2 Ne6 25. c5 Kh7 26. Rhd1 f5 27. Bc4 Nd8 28. Ng5+
Bxg5 29. hxg5 e4 30. Nxc8 Rxc8 31. c6 Re8 32. Rxd8 Rexd8 33. cxb7 Rb8 34. Rxd8
Rxd8 35. Bd6 f4 36. gxf4 Nh4 37. b8=Q Rxb8 38. Bxb8 Nf5 39. Bxa7 1-0

[Event "World Rapid 2023"]
[Site "Samarkand UZB"]
[Date "2023.12.27"]
[EventDate "2023.12.26"]
[Round "9.38"]
[Result "1-0"]
[White "Surya Shekhar Ganguly"]
[Black "Jakub Kosakowski"]
[WhiteElo "2578"]
[BlackElo "2479"]
[PlyCount "44"]

1. Nf3 d5 2. e3 Nf6 3. c4 e6 4. Nc3 Bd6 5. b3 O-O 6. Bb2 Re8 7. d4 b6 8. cxd5
exd5 9. Rc1 a6 10. g3 Bb7 11. Bg2 Nbd7 12. O-O Qe7 13. Ne2 c5 14. Nf4 Rac8 15.
Nh4 Bxf4 16. exf4 Bc6 17. Nf5 Qf8 18. a4 g6 19. Ne3 c4 20. bxc4 Qb4 21. Bc3 Qxa4
22. Qd2 Bb7 1-0

[Event "World Rapid 2023"]
[Site "Samarkand UZB"]
[Date "2023.12.27"]
[EventDate "2023.12.26"]
[Round "9.63"]
[Result "0-1"]
[White "Gadir Guseinov"]
[Black "Guha Mitrabha"]
[WhiteElo "2636"]
[BlackElo "2508"]
[PlyCount "70"]

1. e4 c6 2. Nc3 d5 3. Nf3 Bg4 4. h3 Bxf3 5. Qxf3 e6 6. g3 Nd7 7. d4 g6 8. Bg2
Bg7 9. Be3 Ne7 10. O-O-O Nb6 11. Bg5 O-O 12. Bf6 Nd7 13. Bxg7 Kxg7 14. h4 h5 15.
g4 Nf6 16. gxh5 Nxh5 17. exd5 Nxd5 18. Nxd5 Qxd5 19. Kb1 Qxf3 20. Bxf3 Rh8 21.
c4 Nf4 22. d5 cxd5 23. cxd5 exd5 24. Bxd5 Nxd5 25. Rxd5 Rad8 26. Rb5 b6 27. Rb3
Rh5 28. Rhh3 Rd2 29. Ra3 Rb5 30. Rhb3 Rxb3 31. axb3 a5 32. b4 axb4 33. Ra6 b3
34. Kc1 Rc2+ 35. Kd1 Rxf2 0-1

[Event "World Rapid 2023"]
[Site "Samarkand UZB"]
[Date "2023.12.27"]
[EventDate "2023.12.26"]
[Round "9.64"]
[Result "1-0"]
[White "Vadim Zvjaginsev"]
[Black "Giovanni Vescovi"]
[WhiteElo "2567"]
[BlackElo "2584"]
[PlyCount "100"]

1. Nf3 c5 2. e4 e6 3. g3 Nc6 4. Bg2 Nf6 5. d3 g6 6. O-O Bg7 7. Re1 O-O 8. c3 e5
9. a3 Re8 10. b4 d6 11. Bb2 Be6 12. Nbd2 a6 13. Nf1 cxb4 14. cxb4 Nd7 15. Ne3
Nb6 16. d4 exd4 17. Nxd4 Na4 18. Nxc6 Nxb2 19. Nxd8 Nxd1 20. Nxe6 Nxe3 21. Nxg7
Nxg2 22. Nxe8 Nxe1 23. Nxd6 Nc2 24. Rc1 Nxa3 25. Rc7 b6 26. Nxf7 a5 27. Nh6+ Kf8
28. Rxh7 Ra6 29. bxa5 bxa5 30. e5 Nc4 31. Ng4 a4 32. Rc7 a3 33. Rxc4 a2 34. Rc1
a1=Q 35. Rxa1 Rxa1+ 36. Kg2 Kf7 37. f4 Ke6 38. h4 Ra3 39. Kh3 Kf5 40. Nh6+ Ke6
41. Kg4 Rb3 42. Ng8 Ra3 43. Nf6 Re3 44. h5 gxh5+ 45. Nxh5 Ra3 46. Kg5 Ra8 47.
Kg6 Ke7 48. f5 Ra5 49. e6 Ra4 50. Nf6 1-0

[Event "World Rapid 2023"]
[Site "Samarkand UZB"]
[Date "2023.12.27"]
[EventDate "2023.12.26"]
[Round "9.65"]
[Result "1/2-1/2"]
[White "M Pranesh"]
[Black "Vasquez Schroeder, Rodrigo"]
[WhiteElo "2523"]
[BlackElo "2475"]
[PlyCount "88"]

1. e4 c5 2. Nf3 d6 3. d4 cxd4 4. Nxd4 Nf6 5. Nc3 a6 6. Be3 e5 7. Nf3 Be7 8. Nd2
Ng4 9. Nc4 Nxe3 10. Nxe3 O-O 11. Qd3 Nd7 12. Ned5 Nc5 13. Nxe7+ Qxe7 14. Qd2 Be6
15. Be2 Rfd8 16. O-O Nd7 17. Kh1 Rac8 18. Rad1 Nf6 19. f4 exf4 20. Qxf4 b5 21.
Bd3 Nd7 22. Ne2 Ne5 23. Nd4 g6 24. Qg3 Kh8 25. h3 Rc5 26. Rf2 Nc6 27. Nf3 Ne5
28. Nd4 Nc6 29. Nxc6 Rxc6 30. b3 Rc5 31. Rdf1 Qg5 32. Qf3 Qe5 33. Qe3 Kg7 34.
Rf4 Rdc8 35. Qg3 g5 36. Kg1 Kf8 37. R4f3 Qxg3 38. Rxg3 h6 39. Re3 Re5 40. Kf2
Ke7 41. Ra1 a5 42. a4 b4 43. Re2 h5 44. Rh1 h4 1/2-1/2

[Event "World Rapid 2023"]
[Site "Samarkand UZB"]
[Date "2023.12.27"]
[EventDate "2023.12.26"]
[Round "9.66"]
[Result "1-0"]
[White "Alisher Suleymenov"]
[Black "Deshun Xiu"]
[WhiteElo "2513"]
[BlackElo "2510"]
[PlyCount "58"]

1. e4 e5 2. Nf3 Nc6 3. Bb5 Nf6 4. O-O Nxe4 5. Re1 Nd6 6. Nxe5 Be7 7. Bf1 Nxe5 8.
Rxe5 O-O 9. d4 Bf6 10. Re1 Re8 11. Bf4 Rxe1 12. Qxe1 Ne8 13. Nc3 Bxd4 14. Nd5 d6
15. Bg5 f6 16. Bh4 g5 17. Qe4 Be5 18. f4 gxh4 19. fxe5 c6 20. Nxf6+ Nxf6 21.
exf6 Qxf6 22. Bd3 Qg7 23. Qe8+ Qf8 24. Bxh7+ Kg7 25. Qg6+ Kh8 26. Rf1 Qg7 27.
Qe8+ Kxh7 28. Rf7 h3 29. g4 1-0

[Event "World Rapid 2023"]
[Site "Samarkand UZB"]
[Date "2023.12.27"]
[EventDate "2023.12.26"]
[Round "9.67"]
[Result "0-1"]
[White "Jens Hirneise"]
[Black "Nodirbek Yakubboev"]
[WhiteElo "2270"]
[BlackElo "2661"]
[PlyCount "78"]

1. e4 c5 2. c3 Nf6 3. e5 Nd5 4. d4 cxd4 5. Qxd4 e6 6. Qg4 Nc6 7. Nf3 d6 8. Bb5
a6 9. Bxc6+ bxc6 10. O-O f6 11. exd6 Qxd6 12. Na3 e5 13. Qa4 Qc7 14. Nc4 Be6 15.
Re1 Be7 16. Qa5 Qxa5 17. Nxa5 Rc8 18. Nd2 Kf7 19. Ne4 c5 20. c4 Nb4 21. Rd1 Nc2
22. Rb1 Nd4 23. f3 g5 24. Kf2 Kg6 25. Bd2 f5 26. Nc3 Rhd8 27. Na4 f4 28. Nc3 g4
29. fxg4 Bxg4 30. Nd5 Bh4+ 31. g3 fxg3+ 32. hxg3 Rf8+ 33. Kg2 Bf3+ 34. Kh2 Bxd1
35. Rxd1 Rf2+ 36. Kh3 Bg5 37. Bxg5 Kxg5 38. Nb3 Rc6 39. g4 Ne2 0-1

[Event "World Rapid 2023"]
[Site "Samarkand UZB"]
[Date "2023.12.27"]
[EventDate "2023.12.26"]
[Round "9.68"]
[Result "1-0"]
[White "Ter-Sahakyan, Samvel"]
[Black "Abdimalik Abdisalimov"]
[WhiteElo "2643"]
[BlackElo "2496"]
[PlyCount "82"]

1. d4 Nf6 2. c4 e6 3. Nc3 Bb4 4. e3 O-O 5. a3 Bxc3+ 6. bxc3 b6 7. Bd3 Ba6 8. e4
Ne8 9. Nf3 h6 10. e5 Nc6 11. h4 f5 12. Rh3 Qe7 13. Rg3 Kh7 14. Bf4 Na5 15. Qe2
c5 16. Kf1 cxd4 17. cxd4 Rc8 18. d5 Bxc4 19. d6 Qf7 20. Kg1 Bxd3 21. Qxd3 Rc4
22. Bd2 Rc5 23. Re1 Rd5 24. Qc2 Nc6 25. Rg4 g6 26. Rc4 Qg7 27. Bf4 Ra5 28. a4
Rf7 29. Rxc6 dxc6 30. Qxc6 Rd7 31. Rc1 Qf7 32. Rc4 Ng7 33. Qc8 Qe8 34. Qc6 Rf7
35. Qxe8 Nxe8 36. Nd4 Ng7 37. Nb5 g5 38. Bd2 a6 39. Bxa5 axb5 40. Rc7 Rf8 41.
Bxb6 1-0

[Event "World Rapid 2023"]
[Site "Samarkand UZB"]
[Date "2023.12.27"]
[EventDate "2023.12.26"]
[Round "9.69"]
[Result "0-1"]
[White "Venkataraman Karthik"]
[Black "Andrew Hong"]
[WhiteElo "2609"]
[BlackElo "2539"]
[PlyCount "144"]

1. e4 e5 2. Nf3 Nc6 3. Bb5 a6 4. Ba4 Nf6 5. O-O Be7 6. Re1 b5 7. Bb3 O-O 8. a4
Bb7 9. d3 d6 10. c3 Na5 11. Ba2 c5 12. Bg5 c4 13. Na3 cxd3 14. Bxf6 Bxf6 15.
axb5 axb5 16. Qxd3 b4 17. cxb4 Nc6 18. Nc2 Nd4 19. Ncxd4 exd4 20. Bc4 Rxa1 21.
Rxa1 Qc7 22. Re1 Re8 23. b3 Qe7 24. Qd1 Qd8 25. Bd3 Qc7 26. h3 g6 27. b5 Qc3 28.
Qb1 Rc8 29. Bc4 Re8 30. Bd3 Rc8 31. Rd1 Kg7 32. Kh1 h5 33. Kg1 g5 34. Nd2 g4 35.
hxg4 hxg4 36. Nc4 Rd8 37. Qa2 Bc8 38. b6 g3 39. Qe2 Rh8 40. Qf3 Bh4 41. fxg3 Bg5
42. Be2 Be6 43. Qxc3 dxc3 44. Bd3 Ra8 45. Kf2 Ra2+ 46. Kf1 c2 47. Re1 Bxc4 48.
Bxc4 Ra8 49. b7 Rb8 50. Bd5 Kf6 51. Ke2 Ke5 52. Kd3 c1=Q 53. Rxc1 Bxc1 54. Kc4
f5 55. exf5 Kxf5 56. Kb5 Ke5 57. Bf3 Bd2 58. Kc6 Ba5 59. b4 Bd8 60. g4 d5 61.
Bxd5 Be7 62. g5 Rd8 63. g6 Rd6+ 64. Kc7 Rxg6 65. Bc4 Bd6+ 66. Kc8 Rg4 67. Be2
Rxg2 68. Bd3 Rg8+ 69. Kd7 Bxb4 70. Bg6 Rg7+ 71. Bf7 Rxf7+ 72. Kc8 Bd6 0-1

[Event "World Rapid 2023"]
[Site "Samarkand UZB"]
[Date "2023.12.27"]
[EventDate "2023.12.26"]
[Round "9.70"]
[Result "0-1"]
[White "Grzegorz Nasuta"]
[Black "Anton Demchenko"]
[WhiteElo "2579"]
[BlackElo "2609"]
[PlyCount "72"]

1. e4 e5 2. Nf3 Nc6 3. Bc4 Nf6 4. d3 Be7 5. O-O O-O 6. Re1 d6 7. a4 h6 8. a5 a6
9. h3 Be6 10. Bxe6 fxe6 11. c3 Qe8 12. Qb3 Nd8 13. Be3 g5 14. Nh2 Qg6 15. Nd2
Kh7 16. g3 Rc8 17. Ng4 Nh5 18. d4 Nf4 19. dxe5 Nxh3+ 20. Kg2 Nf4+ 21. Bxf4 gxf4
22. exd6 Bxd6 23. f3 h5 24. Rh1 Kg8 25. Rxh5 Qxh5 26. e5 Be7 27. Ne4 Kg7 28. Rh1
Qf5 29. Qd1 Nc6 30. Ngf6 Rcd8 31. Qg1 Bxf6 32. exf6+ Rxf6 33. g4 Qb5 34. Qh2
Qxb2+ 35. Nf2 Qxf2+ 36. Kxf2 Rd2+ 0-1

[Event "World Rapid 2023"]
[Site "Samarkand UZB"]
[Date "2023.12.27"]
[EventDate "2023.12.26"]
[Round "9.71"]
[Result "1-0"]
[White "Vahap Sanal"]
[Black "Benjamin Haldorsen"]
[WhiteElo "2595"]
[BlackElo "2445"]
[PlyCount "178"]

1. e4 c5 2. Nf3 e6 3. d4 cxd4 4. Nxd4 Nc6 5. Nc3 Qc7 6. g3 a6 7. Bg2 Nf6 8. O-O
Nxd4 9. Qxd4 Bc5 10. Qd3 Ng4 11. Bf4 Ne5 12. Qe2 d6 13. Be3 O-O 14. Na4 Bxe3 15.
Qxe3 b5 16. Nb6 Rb8 17. Nxc8 Rfxc8 18. c3 a5 19. Rfd1 h6 20. Rd4 b4 21. Rc1 a4
22. Rdd1 Nc4 23. Qe2 a3 24. b3 Nb2 25. Rd2 bxc3 26. Rdc2 Qa5 27. Qe3 Rc5 28.
Rxc3 Rbc8 29. Rxc5 Rxc5 30. Bf1 e5 31. Be2 Qb4 32. Rxc5 dxc5 33. Kg2 g6 34. f4
exf4 35. gxf4 c4 36. bxc4 Na4 37. e5 Nc5 38. Kf2 Kg7 39. h4 h5 40. f5 gxf5 41.
Qg5+ Kf8 42. Qxf5 Ne6 43. Bxh5 Qd2+ 44. Kg3 Qe1+ 45. Kg2 Qd2+ 46. Kh3 Qe3+ 47.
Kh2 Qd2+ 48. Kg3 Qe1+ 49. Kg2 Qd2+ 50. Kh3 Qe3+ 51. Bf3 Qd2 52. Bd5 Nf4+ 53. Kg4
Nxd5 54. cxd5 Qxd5 55. e6 Qd4+ 56. Kh5 Qh8+ 57. Kg5 Qg7+ 58. Kf4 Qd4+ 59. Qe4
Qf6+ 60. Kg4 fxe6 61. Qa8+ Kf7 62. Qxa3 Qf5+ 63. Kg3 Qe5+ 64. Kh3 Qf5+ 65. Kg2
Qg4+ 66. Qg3 Qc4 67. a3 e5 68. Qf3+ Ke6 69. Kg3 e4 70. Qg4+ Ke5 71. Qg7+ Kd6 72.
Qf6+ Kd7 73. Qf5+ Ke7 74. h5 Qd3+ 75. Kh4 Qxa3 76. h6 Qc1 77. h7 Qh1+ 78. Kg5
Qg2+ 79. Kh6 Qh2+ 80. Kg5 Qg3+ 81. Kh5 e3 82. Qc5+ Ke6 83. Qc8+ Kf7 84. h8=Q
Qf3+ 85. Kh4 Qf4+ 86. Qg4 Qh2+ 87. Qh3 Qf4+ 88. Kh5 e2 89. Qd7# 1-0

[Event "World Rapid 2023"]
[Site "Samarkand UZB"]
[Date "2023.12.27"]
[EventDate "2023.12.26"]
[Round "9.72"]
[Result "1/2-1/2"]
[White "Arystan Isanzhulov"]
[Black "Kacper Piorun"]
[WhiteElo "2407"]
[BlackElo "2593"]
[PlyCount "172"]

1. e4 e6 2. d4 d5 3. Bd3 c5 4. exd5 exd5 5. Nf3 c4 6. Be2 Nf6 7. b3 cxb3 8. axb3
Bd6 9. O-O O-O 10. c4 Nc6 11. Nc3 Bb4 12. Nxd5 Nxd5 13. cxd5 Ne7 14. Bc4 Nxd5
15. Ng5 h6 16. Qf3 hxg5 17. Qxd5 Qxd5 18. Bxd5 Rd8 19. Bc4 Rxd4 20. Be3 Rd6 21.
Rxa7 Rxa7 22. Bxa7 b6 23. h3 Bb7 24. Bb8 Rd2 25. Bg3 Bc5 26. Re1 Kf8 27. h4 gxh4
28. Bxh4 g5 29. Bg3 f5 30. Rf1 f4 31. Bh2 Kg7 32. g3 f3 33. g4 Bc8 34. Bg3 Bxg4
35. Re1 Bh3 36. Rb1 Kf6 37. b4 Bd4 38. Re1 Bc3 39. b5 Bd4 40. Bb3 Bc5 41. Be5+
Kg6 42. Bg3 Rb2 43. Bd5 Bg4 44. Be4+ Kf7 45. Bd5+ Kg6 46. Be4+ Kh5 47. Ra1 Re2
48. Bc6 Kg6 49. Rd1 Bh5 50. Bd7 Kf6 51. Bc6 g4 52. Bd7 Rb2 53. Rd5 Rb1+ 54. Kh2
Bf7 55. Bh4+ Kg6 56. Rg5+ Kh6 57. Rxg4 Rb2 58. Kg1 Rb1+ 59. Kh2 Rb2 60. Kg1 Bh5
61. Re4 Rb1+ 62. Kh2 Bd6+ 63. Bg3 Bxg3+ 64. Kxg3 Rg1+ 65. Kf4 Rf1 66. Kg3 Rg1+
67. Kf4 Rf1 68. Re6+ Kg7 69. Kg3 Rg1+ 70. Kh4 Bg4 71. Rd6 Bxd7 72. Rxd7+ Kf6 73.
Rd3 Rb1 74. Rxf3+ Ke6 75. Kg5 Rxb5+ 76. Kg6 Rb1 77. Re3+ Kd5 78. f4 b5 79. f5
Rf1 80. f6 b4 81. f7 Kc4 82. Kg7 b3 83. Re8 b2 84. Rb8 Kc3 85. Rxb2 Rxf7+ 86.
Kxf7 Kxb2 1/2-1/2

[Event "World Rapid 2023"]
[Site "Samarkand UZB"]
[Date "2023.12.27"]
[EventDate "2023.12.26"]
[Round "9.73"]
[Result "1/2-1/2"]
[White "Elham Amar"]
[Black "Raymond Song"]
[WhiteElo "2555"]
[BlackElo "2503"]
[PlyCount "130"]

1. e4 c5 2. Nf3 d6 3. d4 cxd4 4. Nxd4 Nf6 5. Nc3 a6 6. Bc4 e6 7. Bg5 b5 8. Bb3
Be7 9. a3 Qb6 10. Be3 Qb7 11. f3 Nbd7 12. Qd2 Ne5 13. O-O O-O 14. g4 Nfd7 15.
Nde2 Nc5 16. Ng3 Bd7 17. Rad1 Bc6 18. Bg5 Rfd8 19. Bxe7 Qxe7 20. Qe3 Rab8 21.
Rd4 a5 22. Nce2 Qc7 23. Ba2 Na4 24. b3 Nb6 25. h3 Be8 26. f4 Nc6 27. Rd2 b4 28.
a4 Ne7 29. c4 bxc3 30. Qxc3 Qc5+ 31. Qxc5 dxc5 32. Rfd1 Rdc8 33. f5 e5 34. f6
gxf6 35. Nh5 Nc6 36. Nxf6+ Kg7 37. Rd6 Nd4 38. Ng3 Kf8 39. Nxh7+ Ke7 40. Nf5+
Nxf5 41. exf5 Bc6 42. f6+ Ke8 43. Re1 Nd7 44. Rd2 Rb4 45. Bb1 Rxb3 46. Bf5 c4
47. Bxd7+ Bxd7 48. Rxe5+ Be6 49. Ng5 c3 50. Rc2 Rb1+ 51. Kf2 Rb2 52. Ree2 Rxc2
53. Rxc2 Bb3 54. Rc1 c2 55. Ne4 Kd7 56. h4 Bxa4 57. h5 Bb3 58. g5 Ke6 59. g6 Bd5
60. Ng5+ Kxf6 61. Nxf7 Bxf7 62. gxf7 Kxf7 63. Ke3 a4 64. Kd2 a3 65. Rxc2 1/2-1/2

[Event "World Rapid 2023"]
[Site "Samarkand UZB"]
[Date "2023.12.27"]
[EventDate "2023.12.26"]
[Round "9.74"]
[Result "1-0"]
[White "Mustafokhuja Khusenkhojaev"]
[Black "Chithambaram VR Aravindh"]
[WhiteElo "2298"]
[BlackElo "2646"]
[PlyCount "120"]

1. d4 Nf6 2. c4 e6 3. g3 d5 4. Nf3 dxc4 5. Bg2 Bb4+ 6. Bd2 a5 7. Qc2 Bxd2+ 8.
Qxd2 O-O 9. Na3 b6 10. Ne5 Ra7 11. O-O Bb7 12. Bxb7 Rxb7 13. Naxc4 Ne4 14. Qd3
Nd6 15. Rac1 Nf5 16. Rfd1 f6 17. Nf3 Nc6 18. d5 Qxd5 19. Qxd5 exd5 20. Rxd5 Nh6
21. Nd6 Nb4 22. Nxb7 Nxd5 23. e4 Nb4 24. Rxc7 Rf7 25. Rc8+ Rf8 26. Rc7 Rf7 27.
Rc8+ Rf8 28. Rc7 Nf7 29. a3 Nd3 30. b3 Rb8 31. Kf1 g5 32. Ke2 g4 33. Kxd3 gxf3
34. Ke3 Ne5 35. Nd6 b5 36. Rc8+ Rxc8 37. Nxc8 Kg7 38. Nd6 b4 39. axb4 axb4 40.
Nf5+ Kf7 41. Nd4 Ng4+ 42. Kxf3 Nxh2+ 43. Ke2 Ng4 44. Nc6 Ke6 45. Nxb4 Ne5 46. f4
Nd7 47. Nd3 f5 48. Ke3 fxe4 49. Kxe4 Nf6+ 50. Kd4 h5 51. b4 Kf5 52. b5 Nd7 53.
Ne5 Nb6 54. Kc5 Na4+ 55. Kb4 Nb6 56. Ka5 Nd5 57. b6 Nxb6 58. Kxb6 h4 59. gxh4
Kxf4 60. Nf3 1-0

[Event "World Rapid 2023"]
[Site "Samarkand UZB"]
[Date "2023.12.27"]
[EventDate "2023.12.26"]
[Round "9.75"]
[Result "0-1"]
[White "Mikhail Markov"]
[Black "Andrey Gorovets"]
[WhiteElo "2283"]
[BlackElo "2481"]
[PlyCount "58"]

1. c4 f5 2. Nf3 Nf6 3. g3 d6 4. d4 g6 5. Bg2 Bg7 6. O-O O-O 7. Nc3 c6 8. Qc2 Na6
9. a3 Kh8 10. d5 Bd7 11. dxc6 bxc6 12. b4 e5 13. Rd1 Qe7 14. Rb1 Nc7 15. a4 Ne6
16. e3 e4 17. Nd4 Nxd4 18. exd4 d5 19. c5 Nh5 20. f4 exf3 21. Bxf3 f4 22. g4 Nf6
23. h3 Rae8 24. Kg2 Ne4 25. Ne2 Qh4 26. Bxe4 f3+ 27. Bxf3 Rxf3 28. Kxf3 Qxh3+
29. Kf2 Qh2+ 0-1

[Event "World Rapid 2023"]
[Site "Samarkand UZB"]
[Date "2023.12.27"]
[EventDate "2023.12.26"]
[Round "9.76"]
[Result "1/2-1/2"]
[White "Khumoyun Begmuratov"]
[Black "Baskaran Adhiban"]
[WhiteElo "2371"]
[BlackElo "2541"]
[PlyCount "352"]

1. e4 c5 2. Nf3 d6 3. Bb5+ Nd7 4. Ba4 Nf6 5. O-O a6 6. c4 b6 7. d4 cxd4 8. Nxd4
Bb7 9. Nc3 e6 10. Qe2 Be7 11. Bc6 Qc7 12. Bxb7 Qxb7 13. f3 O-O 14. Be3 Rac8 15.
Rac1 Rc7 16. a4 Rfc8 17. b3 Ne5 18. Rcd1 Ng6 19. Kh1 h5 20. Qf2 h4 21. Nde2 Rb8
22. Nf4 Nxf4 23. Bxf4 Rd8 24. Bg5 Ng4 25. Qd2 Ne5 26. Bxe7 Rxe7 27. Qg5 Ng6 28.
f4 h3 29. gxh3 Rc8 30. Rfe1 Rc5 31. Qg3 Rd7 32. f5 Rxf5 33. Kg1 Rh5 34. Rf1 Qc6
35. Rf3 Qc5+ 36. Kh1 Rg5 37. Qe1 Qb4 38. Qe3 Rh5 39. Qe2 Rh4 40. Rdf1 Qc5 41.
Qd2 Qh5 42. Qe3 Qh6 43. Qxh6 Rxh6 44. Rd1 Ne5 45. Rg3 Kf8 46. Na2 Rh4 47. Re3
Ke7 48. Nc3 Rd8 49. Ne2 Rdh8 50. Ng1 Rf4 51. Re2 Rd8 52. Kg2 a5 53. Re3 g5 54.
Ne2 Rf6 55. Nd4 Rg8 56. Nb5 g4 57. Rg3 gxh3+ 58. Kxh3 Rd8 59. Kg2 Rf4 60. Nc3
Rh8 61. h3 Ng6 62. Nb5 Rxe4 63. Rxd6 Re2+ 64. Kf1 Rb2 65. Rxb6 Nf4 66. Rb7+ Kf6
67. Nd6 Rh7 68. Ne4+ Kf5 69. Nd6+ Kf6 70. Ne4+ Kf5 71. Nd6+ Kf6 72. Ne4+ Kf5 73.
Ng5 Rg7 74. Rxf7+ Rxf7 75. Nxf7 Rb1+ 76. Kf2 Rb2+ 77. Ke1 Ke4 78. Nd6+ Ke5 79.
c5 Kd5 80. Nc4 Re2+ 81. Kd1 Rh2 82. Nxa5 Kxc5 83. Ke1 e5 84. Nc4 e4 85. Rg8 e3
86. Rc8+ Kd4 87. Rd8+ Kc3 88. Nxe3 Re2+ 89. Kf1 Rxe3 90. a5 Rxh3 91. a6 Rh1+ 92.
Kf2 Nd3+ 93. Kf3 Ra1 94. Ra8 Nb4 95. a7 Kxb3 96. Ke4 Ra5 97. Ke3 Ka4 98. Kd4
Nc6+ 99. Kc3 Nxa7 100. Kc4 Ra6 101. Kd5 Ka5 102. Kc5 Rc6+ 103. Kd5 Rc7 104. Kd6
Rh7 105. Kc5 Ka6 106. Rb8 Rh5+ 107. Kc4 Rh6 108. Rb1 Rc6+ 109. Kd5 Rc2 110. Rb4
Nb5 111. Rc4 Rh2 112. Rc5 Rd2+ 113. Ke5 Kb6 114. Rc1 Rd3 115. Ke4 Rh3 116. Rc2
Na3 117. Rc8 Kb5 118. Kd4 Kb4 119. Rc6 Nb5+ 120. Ke4 Rh4+ 121. Ke5 Rd4 122. Rc7
Rd1 123. Rc8 Rd7 124. Rc6 Rd8 125. Ke4 Nd4 126. Rc7 Ne6 127. Rc2 Nc5+ 128. Ke5
Rd1 129. Rh2 Kb5 130. Rh6 Rd8 131. Rd6 Rh8 132. Rg6 Rh5+ 133. Kd4 Nb3+ 134. Kd3
Rh3+ 135. Ke4 Kc4 136. Rg4 Nd4 137. Rg8 Rh4+ 138. Ke5 Kc5 139. Kf6 Nc6 140. Rg5+
Kd6 141. Rf5 Ne7 142. Rf3 Nd5+ 143. Kf5 Rd4 144. Kg5 Ke6 145. Rf1 Ne3 146. Rf6+
Ke5 147. Rf3 Re4 148. Rg3 Nf5 149. Ra3 Nd6 150. Ra5+ Ke6 151. Ra6 Rc4 152. Rb6
Ke5 153. Ra6 Ne4+ 154. Kg6 Rc1 155. Ra5+ Nc5 156. Ra2 Rg1+ 157. Kf7 Rf1+ 158.
Ke7 Rh1 159. Kf7 Rd1 160. Ra5 Rd5 161. Kg6 Kf4 162. Ra1 Rd6+ 163. Kf7 Ke5 164.
Ra5 Rc6 165. Rb5 Kf5 166. Ke7 Re6+ 167. Kf7 Re5 168. Rb1 Ne6 169. Rf1+ Nf4 170.
Rf3 Re1 171. Rb3 Re5 172. Rf3 Rd5 173. Ke7 Rd2 174. Rf1 Rd3 175. Rf2 Ke5 176.
Rf1 Ng2 1/2-1/2

[Event "World Rapid 2023"]
[Site "Samarkand UZB"]
[Date "2023.12.27"]
[EventDate "2023.12.26"]
[Round "9.77"]
[Result "1-0"]
[White "Velimir Ivic"]
[Black "Aldiyar Ansat"]
[WhiteElo "2570"]
[BlackElo "2434"]
[PlyCount "80"]

1. e4 c5 2. Nf3 Nc6 3. Bb5 e5 4. O-O Bd6 5. d3 a6 6. Bxc6 dxc6 7. a4 b5 8. Nc3
Bg4 9. h3 Bh5 10. g4 Bg6 11. Bg5 f6 12. Be3 Ne7 13. Nh4 Qd7 14. Nf5 b4 15. Nxd6+
Qxd6 16. Ne2 c4 17. f3 Rd8 18. d4 h5 19. Rf2 hxg4 20. hxg4 Kf7 21. Qf1 Rh4 22.
Rd1 Rdh8 23. Qg2 Qd7 24. Ng3 c3 25. bxc3 bxc3 26. Rd3 exd4 27. Rxd4 Qc7 28. Rd1
c5 29. Ne2 Nc6 30. Bf4 Qa7 31. Bg3 R4h7 32. Nxc3 c4 33. Nd5 Nd4 34. Nf4 Nxc2 35.
e5 Ne3 36. e6+ Ke8 37. Nxg6 Rh1+ 38. Qxh1 Rxh1+ 39. Kxh1 Nxd1 40. Rh2 1-0

[Event "World Rapid 2023"]
[Site "Samarkand UZB"]
[Date "2023.12.27"]
[EventDate "2023.12.26"]
[Round "9.78"]
[Result "1-0"]
[White "Faustino Oro"]
[Black "Denis Khismatullin"]
[WhiteElo "2357"]
[BlackElo "2579"]
[PlyCount "100"]

1. Nf3 d6 2. e4 Nf6 3. Nc3 e5 4. d4 Nbd7 5. Bc4 Be7 6. O-O O-O 7. Re1 c6 8. a4
exd4 9. Nxd4 Ne5 10. Bb3 Re8 11. h3 Bd7 12. Bf4 Qa5 13. Qd2 Qb4 14. Rad1 Rad8
15. Qc1 a6 16. Nde2 b5 17. Ng3 Qa5 18. axb5 axb5 19. Nce2 Qc7 20. c4 Be6 21. Nd4
Bxc4 22. Bxc4 bxc4 23. Bxe5 dxe5 24. Ndf5 Bf8 25. Qxc4 g6 26. Nh4 Rb8 27. Re2
Rb4 28. Qc3 Qb6 29. Nf3 Bh6 30. Rd6 Rb3 31. Qc2 Kg7 32. Rxc6 Qb5 33. Rc5 Qb6 34.
Rc6 Qb5 35. Nf1 Bf4 36. Rc5 Qb6 37. Rc3 Rxc3 38. Qxc3 Qa6 39. Re1 Rc8 40. Qb3
Qa5 41. g3 Bh6 42. Kg2 Rc5 43. Re2 Qa6 44. Re1 Rb5 45. Qc3 Qb7 46. Nxe5 Nxe4 47.
Qd4 Nf6+ 48. Kg1 Kg8 49. Nc4 Bg7 50. Qd8+ 1-0

[Event "World Rapid 2023"]
[Site "Samarkand UZB"]
[Date "2023.12.27"]
[EventDate "2023.12.26"]
[Round "9.79"]
[Result "1-0"]
[White "Alexander Riazantsev"]
[Black "Eldiar Orozbaev"]
[WhiteElo "2616"]
[BlackElo "2305"]
[PlyCount "126"]

1. d4 d5 2. c4 dxc4 3. e3 e5 4. Bxc4 Nc6 5. Nf3 e4 6. Nfd2 Qg5 7. Nxe4 Qxg2 8.
Ng3 Nf6 9. Bf1 Qd5 10. Nc3 Bb4 11. a3 Bxc3+ 12. bxc3 Bg4 13. Qc2 O-O 14. c4 Nxd4
15. exd4 Rfe8+ 16. Be2 Rxe2+ 17. Qxe2 Qxd4 18. Bb2 Qb6 19. Qd2 Re8+ 20. Kf1 Bh3+
21. Kg1 h5 22. Bd4 c5 23. Bxf6 Qxf6 24. Re1 Rxe1+ 25. Qxe1 g6 26. Qe2 Qd4 27.
Nf1 b5 28. cxb5 c4 29. Qe3 Qg4+ 30. Qg3 Qf5 31. f4 h4 32. Qf3 c3 33. Ne3 Qb1+
34. Kf2 c2 35. Qxh3 Qxh1 36. Nxc2 Qe4 37. Ne3 Qxf4+ 38. Ke2 Kg7 39. Qg2 Qe5 40.
a4 Qb2+ 41. Kf3 Qf6+ 42. Ke4 Qe7+ 43. Kd4 Qb4+ 44. Nc4 Qxa4 45. Qb2 Qd1+ 46.
Kc5+ Kg8 47. Ne5 h3 48. Kc6 Qd8 49. Nd7 Qa8+ 50. Kc7 Qg2 51. Qe5 Qf2 52. Nf6+
Kf8 53. Nd7+ Kg8 54. Kb7 Qa2 55. Nf6+ Kf8 56. Nd5 Kg8 57. Ne7+ Kf8 58. Nc6 Kg8
59. Nxa7 Qg2+ 60. Nc6 g5 61. b6 g4 62. Kc7 f6 63. Qd6 1-0